Premier League Squads 2023/24 - Statistics

General Stats
  • This quiz has been taken 762 times
  • The average score is 270 of 546
Answer Stats
% Correct
Wolverhampton Wanderers 1 GK Portugal Jose Sa
97%
Arsenal 1 GK England Aaron Ramsdale
96%
Arsenal 7 RW England Bukayo Saka
93%
Arsenal 22 GK Spain David Raya
92%
Arsenal 8 AM Norway Martin Odegaard
92%
Arsenal 35 LB Ukraine Oleksandr Zinchenko
92%
Arsenal 2 CB France William Saliba
92%
Arsenal 41 DM England Declan Rice
91%
Aston Villa 1 GK Argentina Emiliano Martinez
91%
Arsenal 9 ST Brazil Gabriel Jesus
91%
Arsenal 6 CB Brazil Gabriel Magalhaes
91%
Manchester United 6 CB Argentina Lisandro Martinez
91%
Arsenal 11 LW Brazil Gabriel Martinelli
90%
Arsenal 5 DM Ghana Thomas Partey
90%
Arsenal 4 RB England Ben White
89%
Arsenal 29 AM Germany Kai Havertz
89%
Arsenal 20 DM Italy Jorginho
88%
Nottingham Forest 10 AM England Morgan Gibbs-White
88%
Manchester United 24 GK Cameroon Andre Onana
87%
Manchester City 31 GK Brazil Ederson
87%
Manchester City 9 ST Norway Erling Haaland
87%
Arsenal 19 LW Belgium Leandro Trossard
87%
Manchester City 3 CB Portugal Ruben Dias
87%
Arsenal 18 RB Japan Takehiro Tomiyasu
87%
Everton 8 DM Belgium Amadou Onana
86%
Manchester City 20 AM Portugal Bernardo Silva
86%
Manchester United 8 AM Portugal Bruno Fernandes
86%
Liverpool 7 LW Colombia Luis Diaz
86%
Manchester City 5 CB England John Stones
85%
Manchester City 19 ST Argentina Julian Alvarez
85%
Manchester City 17 AM Belgium Kevin De Bruyne
85%
Manchester City 2 RB England Kyle Walker
85%
Manchester City 16 DM Spain Rodri
85%
Manchester City 47 LW England Phil Foden
84%
Chelsea 6 CB Brazil Thiago Silva
84%
West Ham United 19 DM Mexico Edson Alvarez
83%
Wolverhampton Wanderers 9 ST Portugal Fabio Silva
83%
Manchester United 23 LB England Luke Shaw
83%
Manchester City 25 CB Switzerland Manuel Akanji
83%
Manchester City 6 CB Netherlands Nathan Ake
83%
Arsenal 14 ST England Eddie Nketiah
82%
Manchester United 5 CB England Harry Maguire
82%
Manchester City 10 LW England Jack Grealish
82%
Manchester City 11 RW Belgium Jeremy Doku
82%
Manchester City 24 CB Croatia Josko Gvardiol
82%
Manchester United 10 LW England Marcus Rashford
82%
Manchester City 8 CM Croatia Mateo Kovacic
82%
Manchester United 18 DM Brazil Casemiro
81%
Burnley 14 RB Wales Connor Roberts
81%
Arsenal 25 DM Egypt Mohamed Elneny
81%
Liverpool 11 RW Egypt Mohamed Salah
81%
Manchester United 39 DM Scotland Scott McTominay
81%
Tottenham Hotspur 7 LW South Korea Son Heung-min
81%
Liverpool 1 GK Brazil Alisson Becker
80%
Manchester United 14 AM Denmark Christian Eriksen
80%
Liverpool 9 ST Uruguay Darwin Nunez
80%
Arsenal 10 AM England Emile Smith Rowe
80%
Newcastle United 22 GK England Nick Pope
80%
Manchester United 19 CB France Raphael Varane
80%
Manchester United 2 CB Sweden Victor Lindelof
80%
Liverpool 4 CB Netherlands Virgil van Dijk
80%
Manchester United 21 RW Brazil Antony
79%
Everton 20 AM England Dele Alli
79%
Manchester United 20 RB Portugal Diogo Dalot
79%
Liverpool 2 CB England Joe Gomez
79%
Arsenal 12 CB Netherlands Jurrien Timber
79%
Aston Villa 11 ST England Ollie Watkins
79%
Manchester United 11 ST Denmark Rasmus Hojlund
79%
Manchester City 21 LB Spain Sergio Gomez
79%
Liverpool 10 CM Argentina Alexis Mac Allister
78%
Liverpool 26 LB Scotland Andrew Robertson
78%
Manchester United 9 ST France Anthony Martial
78%
Arsenal 15 CB Poland Jakub Kiwior
78%
Chelsea 24 RB England Reece James
78%
Liverpool 66 RB England Trent Alexander-Arnold
78%
Manchester United 17 LW Argentina Alejandro Garnacho
77%
Liverpool 20 LW Portugal Diogo Jota
77%
Aston Villa 2 RB Poland Matty Cash
77%
Chelsea 15 ST Senegal Nicolas Jackson
77%
Tottenham Hotspur 9 ST Brazil Richarlison
77%
Manchester City 82 RB England Rico Lewis
77%
Bournemouth 15 RB England Adam Smith
76%
Liverpool 18 LW Netherlands Cody Gakpo
76%
Liverpool 5 CB France Ibrahima Konate
76%
Everton 1 GK England Jordan Pickford
76%
Manchester City 27 CM Portugal Matheus Nunes
76%
Chelsea 25 DM Ecuador Moises Caicedo
76%
Chelsea 10 LW Ukraine Mykhaylo Mudryk
76%
Chelsea 1 GK Spain Robert Sanchez
76%
Newcastle United 14 ST Sweden Alexander Isak
75%
Tottenham Hotspur 17 CB Argentina Cristian Romero
75%
Chelsea 8 DM Argentina Enzo Fernandez
75%
Manchester City 4 DM England Kalvin Phillips
75%
Aston Villa 14 CB Spain Pau Torres
75%
Manchester United 4 DM Morocco Sofyan Amrabat
75%
Manchester City 18 GK Germany Stefan Ortega
75%
Liverpool 6 CM Spain Thiago Alcantara
75%
Liverpool 8 AM Hungary Dominik Szoboszlai
74%
Liverpool 32 CB Cameroon Joel Matip
74%
Liverpool 3 DM Japan Wataru Endo
74%
Manchester United 29 RB England Aaron Wan-Bissaka
73%
Tottenham Hotspur 35 CB England Ashley Phillips
73%
Newcastle United 39 DM Brazil Bruno Guimaraes
73%
Liverpool 17 CM England Curtis Jones
73%
Tottenham Hotspur 1 GK France Hugo Lloris
73%
Chelsea 7 LW England Raheem Sterling
73%
Arsenal 21 AM Portugal Fabio Vieira
72%
Tottenham Hotspur 13 GK Italy Guglielmo Vicario
72%
Aston Villa 7 CM Scotland John McGinn
72%
Manchester United 35 CB Northern Ireland Jonny Evans
72%
Newcastle United 2 RB England Kieran Trippier
72%
Liverpool 21 LB Greece Konstantinos Tsimikas
72%
Aston Villa 31 LW Jamaica Leon Bailey
72%
Bournemouth 1 GK Brazil Norberto Neto
72%
Wolverhampton Wanderers 7 RW Portugal Pedro Neto
72%
Tottenham Hotspur 5 CM Denmark Pierre-Emile Hojbjerg
72%
Newcastle United 9 ST England Callum Wilson
71%
Tottenham Hotspur 21 RW Sweden Dejan Kulusevski
71%
Aston Villa 6 CM Brazil Douglas Luiz
71%
Newcastle United 5 CB Switzerland Fabian Schar
71%
Fulham 8 RW Wales Harry Wilson
71%
Aston Villa 12 LB France Lucas Digne
71%
Manchester United 7 AM England Mason Mount
71%
Aston Villa 5 CB England Tyrone Mings
71%
Chelsea 21 LB England Ben Chilwell
70%
Liverpool 62 GK Ireland Caoimhin Kelleher
70%
Chelsea 20 RW England Cole Palmer
70%
Aston Villa 4 CB England Ezri Konsa
70%
Brighton & Hove Albion 22 LW Japan Kaoru Mitoma
70%
Newcastle United 24 RW Paraguay Miguel Almiron
70%
Arsenal 17 RB Portugal Cedric Soares
69%
Tottenham Hotspur 10 AM England James Maddison
69%
Tottenham Hotspur 30 CM Uruguay Rodrigo Bentancur
69%
Aston Villa 8 CM Belgium Youri Tielemans
69%
Sheffield United 1 GK Wales Adam Davies
68%
West Ham United 23 GK France Alphonse Areola
68%
Newcastle United 10 LW England Anthony Gordon
68%
Tottenham Hotspur 33 LB Wales Ben Davies
68%
West Ham United 2 RB England Ben Johnson
68%
Fulham 17 GK Germany Bernd Leno
68%
Tottenham Hotspur 22 RW Wales Brennan Johnson
68%
Liverpool 19 AM England Harvey Elliott
68%
Tottenham Hotspur 14 LM Croatia Ivan Perisic
68%
Chelsea 3 LB Spain Marc Cucurella
68%
Aston Villa 19 RW France Moussa Diaby
68%
Tottenham Hotspur 23 RB Spain Pedro Porro
68%
Sheffield United 33 LB Wales Rhys Norrington-Davies
68%
Newcastle United 8 DM Italy Sandro Tonali
68%
Newcastle United 4 CB Netherlands Sven Botman
68%
Fulham 11 RW Spain Adama Traore
67%
Aston Villa 9 RW Burkina Faso Bertrand Traore
67%
Manchester United 34 CM Netherlands Donny van de Beek
67%
Tottenham Hotspur 12 RB Brazil Emerson Royal
67%
Bournemouth 22 AM Ivory Coast Hamed Junior Traore
67%
Brentford 17 ST England Ivan Toney
67%
Newcastle United 7 CM Brazil Joelinton
67%
Newcastle United 1 GK Slovakia Martin Dubravka
67%
West Ham United 9 ST Jamaica Michail Antonio
67%
Arsenal 24 RW England Reiss Nelson
67%
Sheffield United 22 CM England Tom Davies
67%
Manchester United 12 LB Netherlands Tyrell Malacia
67%
Chelsea 19 ST Albania Armando Broja
66%
Sheffield United 11 ST Ivory Coast Benie Traore
66%
Wolverhampton Wanderers 6 DM Mali Boubacar Traore
66%
Tottenham Hotspur 11 LW Spain Bryan Gil
66%
Brighton & Hove Albion 28 ST Ireland Evan Ferguson
66%
Tottenham Hotspur 37 CB Netherlands Micky van de Ven
66%
Brighton & Hove Albion 30 LB Ecuador Pervis Estupinan
66%
West Ham United 28 DM Czech Republic Tomas Soucek
66%
Chelsea 2 CB France Axel Disasi
65%
Brentford 19 RW Cameroon Bryan Mbeumo
65%
Fulham 7 ST Mexico Raul Jimenez
65%
Liverpool 38 CM Netherlands Ryan Gravenberch
65%
Chelsea 23 CM England Conor Gallagher
64%
Aston Villa 3 CB Brazil Diego Carlos
64%
Crystal Palace 10 AM England Eberechi Eze
64%
Manchester United 25 LW England Jadon Sancho
64%
Brighton & Hove Albion 9 SS Brazil Joao Pedro
64%
West Ham United 10 AM Brazil Lucas Paqueta
64%
West Ham United 1 GK Poland Lukasz Fabianski
64%
Crystal Palace 36 CB England Nathan Ferguson
64%
Brighton & Hove Albion 13 CM Germany Pascal Groß
64%
Chelsea 33 CB France Wesley Fofana
64%
Tottenham Hotspur 8 CM Mali Yves Bissouma
64%
Brighton & Hove Albion 18 ST England Danny Welbeck
63%
Crystal Palace 30 GK England Dean Henderson
63%
Tottenham Hotspur 38 LB Italy Destiny Udogie
63%
Bournemouth 9 ST England Dominic Solanke
63%
Manchester United 28 RW Uruguay Facundo Pellistri
63%
Brighton & Hove Albion 5 CB England Lewis Dunk
63%
Chelsea 27 RB France Malo Gusto
63%
Tottenham Hotspur 29 CM Senegal Pape Matar Sarr
63%
Manchester City 33 GK England Scott Carson
63%
West Ham United 33 LB Italy Emerson Palmieri
62%
Aston Villa 10 RW Argentina Emiliano Buendia
62%
Tottenham Hotspur 15 CB England Eric Dier
62%
West Ham United 20 RW England Jarrod Bowen
62%
Chelsea 31 CB France Malang Sarr
62%
Crystal Palace 7 RW France Michael Olise
62%
Manchester City 52 RW Norway Oscar Bobb
62%
Aston Villa 25 GK Sweden Robin Olsen
62%
Manchester United 15 LB Spain Sergio Reguilon
62%
West Ham United 5 RB Czech Republic Vladimir Coufal
62%
Liverpool 13 GK Spain Adrian
61%
Nottingham Forest 11 ST New Zealand Chris Wood
61%
Everton 9 ST England Dominic Calvert-Lewin
61%
Wolverhampton Wanderers 11 ST South Korea Hwang Hee-chan
61%
Manchester United 16 RW Ivory Coast Amad Diallo
60%
Newcastle United 33 LB England Dan Burn
60%
West Ham United 4 CB France Kurt Zouma
60%
Manchester City 13 GK United States Zack Steffen
60%
Burnley 21 AM England Aaron Ramsey
59%
Aston Villa 44 DM France Boubacar Kamara
59%
Chelsea 18 SS France Christopher Nkunku
59%
Aston Villa 41 CM England Jacob Ramsey
59%
Chelsea 45 DM Belgium Romeo Lavia
58%
Everton 19 LB Ukraine Vitaliy Mykolenko
58%
Chelsea 5 CB France Benoit Badiashile
57%
Manchester United 37 CM England Kobbie Mainoo
57%
Nottingham Forest 1 GK United States Matt Turner
57%
Brighton & Hove Albion 2 RB Ghana Tariq Lamptey
57%
Aston Villa 15 LB Spain Alex Moreno
56%
Everton 21 CM Portugal Andre Gomes
56%
Manchester United 46 AM Tunisia Hannibal Mejbri
56%
Wolverhampton Wanderers 8 CM Brazil Joao Gomes
56%
Crystal Palace 2 RB England Joel Ward
56%
Crystal Palace 9 ST Ghana Jordan Ayew
56%
Chelsea 26 CB England Levil Colwill
56%
West Ham United 14 AM Ghana Mohammed Kudus
56%
West Ham United 27 CB Morocco Nayef Aguerd
56%
Luton Town 6 CM England Ross Barkley
56%
Wolverhampton Wanderers 24 CB Portugal Toti Gomes
56%
Brentford 11 LW DR Congo Yoane Wissa
56%
Fulham 33 LB United States Antonee Robinson
55%
Newcastle United 15 LW England Harvey Barnes
55%
Everton 6 CB England James Tarkowski
55%
Crystal Palace 16 CB Denmark Joachim Andersen
55%
Sheffield United 4 CM Scotland John Fleck
55%
Luton Town 5 CB Denmark Mads Andersen
55%
Nottingham Forest 7 RB Wales Neco Williams
55%
Chelsea 11 RW England Noni Madueke
55%
Everton 23 RB Ireland Seamus Coleman
55%
Newcastle United 36 CM England Sean Longstaff
55%
Manchester United 22 GK England Tom Heaton
55%
Everton 14 ST Portugal Beto
54%
Sheffield United 19 CB England Jack Robinson
54%
Brighton & Hove Albion 6 CM England James Milner
54%
Crystal Palace 14 ST France Jean-Philippe Mateta
54%
Tottenham Hotspur 27 LW Israel Manor Solomon
54%
Crystal Palace 6 CB England Marc Guehi
54%
Brentford 1 GK Netherlands Mark Flekken
54%
Bournemouth 18 DM United States Tyler Adams
54%
Tottenham Hotspur 20 GK England Fraser Forster
53%
Aston Villa 24 ST Colombia Jhon Duran
53%
Aston Villa 22 AM Italy Nicolo Zaniolo
53%
West Ham United 21 CB Italy Angel Ogbonna
52%
Brighton & Hove Albion 1 GK Netherlands Bart Verbruggen
52%
Chelsea 28 GK Serbia Djordje Petrovic
52%
Burnley 1 GK England James Trafford
52%
Fulham 26 DM Portugal Joao Palhinha
52%
Tottenham Hotspur 4 DM England Oliver Skipp
52%
West Ham United 22 LW Algeria Said Benrahma
52%
Fulham 13 CB United States Tim Ream
52%
Nottingham Forest 21 LW Sweden Anthony Elanga
51%
Brentford 6 DM Denmark Christian Norgaard
51%
Tottenham Hotspur 18 AM Argentina Giovani Lo Celso
51%
Liverpool 78 CB England Jarell Quansah
51%
Aston Villa 32 DM Belgium Leander Dendoncker
51%
Newcastle United 18 GK Germany Loris Karius
51%
Liverpool 43 DM Spain Stefan Bajcetic
51%
Everton 16 CM Mali Abdoulaye Doucoure
50%
Manchester United 1 GK Turkey Altay Bayindir
50%
Crystal Palace 28 DM Mali Cheick Doucoure
50%
Newcastle United 6 CB England Jamaal Lascelles
50%
Everton 5 CB England Michael Keane
50%
Brentford 24 LW Denmark Mikkel Damsgaard
50%
West Ham United 8 AM Spain Pablo Fornals
50%
Everton 27 CM Senegal Idrissa Gueye
49%
West Ham United 7 CM England James Ward-Prowse
49%
Brighton & Hove Albion 23 GK England Jason Steele
49%
Brighton & Hove Albion 7 RW England Solly March
49%
Newcastle United 21 RB England Tino Livramento
49%
Fulham 20 LW Brazil Willian
49%
Brighton & Hove Albion 11 DM Scotland Billy Gilmour
48%
Chelsea 29 LB Netherlands Ian Maatsen
48%
Brighton & Hove Albion 34 RB Netherlands Joel Veltman
48%
Bournemouth 25 CB Argentina Marcos Senesi
48%
Wolverhampton Wanderers 3 LB Algeria Rayan Ait-Nouri
48%
West Ham United 24 CB Germany Thilo Kehrer
48%
Fulham 22 AM Nigeria Alex Iwobi
47%
Brentford 5 CB Jamaica Ethan Pinnock
47%
Wolverhampton Wanderers 22 RB Portugal Nelson Semedo
47%
Bournemouth 29 CM Denmark Philip Billing
47%
West Ham United 18 ST England Danny Ings
46%
Brighton & Hove Albion 10 SS Paraguay Julio Enciso
46%
Newcastle United 20 LB England Lewis Hall
46%
Wolverhampton Wanderers 12 ST Brazil Matheus Cunha
46%
Bournemouth 3 LB Hungary Milos Kerkez
46%
Crystal Palace 22 ST France Odsonne Edouard
46%
Brentford 3 LB England Rico Henry
46%
Crystal Palace 1 GK England Sam Johnstone
46%
West Ham United 3 LB England Aaron Cresswell
45%
Fulham 18 AM Brazil Andreas Pereira
45%
Brentford 16 CB England Ben Mee
45%
Fulham 14 AM Jamaica Bobby Decordova-Reid
45%
Newcastle United 23 RW England Jacob Murphy
45%
Bournemouth 19 LW Netherlands Justin Kluivert
45%
Brentford 7 ST France Neal Maupay
45%
Nottingham Forest 9 ST Nigeria Taiwo Awoniyi
45%
Chelsea 14 CB England Trevoh Chalobah
45%
Brighton & Hove Albion 14 AM England Adam Lallana
44%
Crystal Palace 8 DM Colombia Jefferson Lerma
44%
Newcastle United 28 CM England Joe Willock
44%
West Ham United 15 CB Greece Konstantinos Mavropanos
44%
Crystal Palace 3 LB England Tyrick Mitchell
44%
Everton 7 LW England Dwight McNeil
43%
Brighton & Hove Albion 29 CB Netherlands Jan Paul van Hecke
43%
Fulham 2 RB Netherlands Kenny Tete
43%
Brentford 20 CB Norway Kristoffer Ajer
43%
Bournemouth 17 LW Colombia Luis Sinisterra
43%
Wolverhampton Wanderers 5 DM Gabon Mario Lemina
43%
Brighton & Hove Albion 31 LW Spain Ansu Fati
42%
Luton Town 9 ST England Carlton Morris
42%
Newcastle United 32 AM Scotland Elliot Anderson
42%
Newcastle United 17 RB Sweden Emil Krafth
42%
Bournemouth 21 ST Wales Kieffer Moore
42%
Bournemouth 4 CM England Lewis Cook
42%
Brentford 8 CM Denmark Mathias Jensen
42%
Newcastle United 13 LB England Matt Targett
42%
Fulham 21 RB Belgium Timothy Castagne
42%
Brighton & Hove Albion 4 CB England Adam Webster
41%
Everton 10 LW Netherlands Arnaut Danjuma
41%
Bournemouth 7 RW Wales David Brooks
41%
Burnley 17 ST South Africa Lyle Foster
41%
Wolverhampton Wanderers 2 RB Ireland Matt Doherty
41%
Wolverhampton Wanderers 23 CB England Max Kilman
41%
Brentford 22 CB Ireland Nathan Collins
41%
Nottingham Forest 24 RB Ivory Coast Serge Aurier
41%
Brighton & Hove Albion 24 LW Ivory Coast Simon Adingra
41%
Luton Town 24 GK Belgium Thomas Kaminski
41%
Bournemouth 24 ST Ghana Antoine Semenyo
40%
Liverpool 50 RW Scotland Ben Doak
40%
Nottingham Forest 27 ST Belgium Divock Origi
40%
Luton Town 11 ST England Elijah Adebayo
40%
Fulham 31 CB France Issa Diop
40%
Crystal Palace 15 LM Ghana Jeffrey Schlupp
40%
Brentford 9 RW Germany Kevin Schade
40%
Everton 2 RB Scotland Nathan Patterson
40%
Luton Town 14 AM Netherlands Tahith Chong
40%
Brentford 21 GK Albania Thomas Strakosha
40%
Fulham 10 CM Scotland Tom Cairney
40%
Nottingham Forest 13 GK Wales Wayne Hennessey
40%
Brentford 2 RB Scotland Aaron Hickey
39%
Crystal Palace 26 CB United States Chris Richards
39%
Aston Villa 17 CB France Clement Lenglet
39%
Brighton & Hove Albion 3 CB Brazil Igor
39%
Bournemouth 27 CB Ukraine Ilya Zabarnyi
39%
Everton 32 CB England Jarrad Branthwaite
39%
Arsenal 31 GK Estonia Karl Hein
39%
Crystal Palace 17 RB England Nathaniel Clyne
39%
Burnley 16 DM Norway Sander Berge
39%
Brentford 27 DM Germany Vitaly Janelt
39%
Nottingham Forest 14 LW England Callum Hudson-Odoi
38%
Newcastle United 19 RB Spain Javier Manquillo
38%
Nottingham Forest 30 CB Ivory Coast Willy Boly
38%
Burnley 49 GK Kosovo Arijanet Muric
37%
Fulham 30 ST Brazil Carlos Vinicius
37%
Fulham 6 CM England Harrison Reed
37%
Brighton & Hove Albion 8 CM Germany Mahmoud Dahoud
37%
Wolverhampton Wanderers 21 RW Spain Pablo Sarabia
37%
Everton 18 LB England Ashley Young
36%
Fulham 3 CB Nigeria Calvin Bassey
36%
Nottingham Forest 8 DM Senegal Cheikhou Kouyate
36%
Brighton & Hove Albion 40 AM Argentina Facundo Buonanotte
36%
Luton Town 19 ST Scotland Jacob Brown
36%
Brighton & Hove Albion 15 CM Poland Jakub Moder
36%
Nottingham Forest 23 GK Greece Odysseas Vlachodimos
36%
Crystal Palace 19 CM England Will Hughes
36%
Bournemouth 37 RB England Max Aarons
35%
West Ham United 17 LW Ivory Coast Maxwel Cornet
35%
Bournemouth 10 AM Scotland Ryan Christie
35%
Everton 37 DM England James Garner
34%
Newcastle United 67 CM England Lewis Miley
34%
Fulham 38 AM Wales Luke Harris
34%
Bournemouth 16 LM England Marcus Tavernier
34%
Luton Town 13 DM Zimbabwe Marvelous Nakamba
34%
Newcastle United 11 RM Scotland Matt Ritchie
34%
Brentford 25 AM England Myles Peart-Harris
34%
Nottingham Forest 3 LB Portugal Nuno Tavares
34%
Luton Town 28 CM Belgium Albert Sambi Lokonga
33%
Luton Town 29 LB Jamaica Amari'I Bell
33%
Everton 22 CB England Ben Godfrey
33%
Brentford 15 CM Nigeria Frank Onyeka
33%
Nottingham Forest 29 RB Argentina Gonzalo Montiel
33%
Nottingham Forest 6 DM Ivory Coast Ibrahim Sangare
33%
Chelsea 16 DM France Lesley Ugochukwu
33%
Nottingham Forest 43 RB Nigeria Ola Aina
33%
Sheffield United 9 ST Scotland Oli McBurnie
33%
Newcastle United 3 LB Wales Paul Dummett
33%
Fulham 19 ST Brazil Rodrigo Muniz
33%
Fulham 28 CM Serbia Sasa Lukic
33%
Luton Town 4 CB Wales Tom Lockyer
33%
Fulham 4 CB England Tosin Adarabioyo
33%
Sheffield United 18 GK England Wes Foderingham
33%
Aston Villa 16 RB England Calum Chambers
32%
Chelsea 17 CM England Carney Chukwuemeka
32%
Luton Town 23 GK Netherlands Tim Krul
32%
Tottenham Hotspur 36 ST Argentina Alejo Veliz
31%
Bournemouth 6 CB Wales Chris Mepham
31%
Wolverhampton Wanderers 15 CB England Craig Dawson
31%
Everton 11 LW England Jack Harrison
31%
Wolverhampton Wanderers 19 LB Spain Jonny Otto
31%
Brentford 23 LW England Keane Lewis-Potter
31%
Bournemouth 5 CB England Lloyd Kelly
31%
Brentford 14 AM Iran Saman Ghoddos
31%
Brighton & Hove Albion 20 CM Cameroon Carlos Baleba
30%
Chelsea 26 ST Brazil Deivid Washington
30%
Wolverhampton Wanderers 17 LB Spain Hugo Bueno
30%
Wolverhampton Wanderers 4 CB Uruguay Santiago Bueno
30%
Wolverhampton Wanderers 18 ST Austria Sasa Kalajdzic
30%
Bournemouth 14 CM England Alex Scott
29%
Bournemouth 11 RW Burkina Faso Dango Ouattara
29%
Nottingham Forest 28 CM Brazil Danilo
29%
Bournemouth 20 GK Romania Ionut Radu
29%
Burnley 9 ST England Jay Rodriguez
29%
Brentford 13 CB Denmark Mathias Jorgensen
29%
Nottingham Forest 5 CM Belgium Orel Mangala
29%
Tottenham Hotspur 19 LM England Ryan Sessegnon
29%
Burnley 25 ST Switzerland Zeki Amdouni
29%
Luton Town 12 RB Burkina Faso Issa Kabore
28%
Crystal Palace 44 DM Netherlands Jairo Riedewald
28%
Brentford 10 CM England Josh Dasilva
28%
Aston Villa 30 CB England Kortney Hause
28%
Nottingham Forest 40 CB Brazil Murillo
28%
Nottingham Forest 16 CM Argentina Nicolas Dominguez
28%
Nottingham Forest 26 CB Scotland Scott McKenna
28%
Burnley 2 CB Ireland Dara O'Shea
27%
Burnley 7 RW Iceland Johann Berg Gudmundsson
27%
Burnley 8 CM England Josh Brownhill
27%
Fulham 1 GK Slovakia Marek Rodak
27%
Burnley 3 LB England Charlie Taylor
26%
Sheffield United 8 DM Netherlands Gustavo Hamer
26%
Chelsea 13 GK England Marcus Bettinelli
26%
Nottingham Forest 22 CM England Ryan Yates
26%
Sheffield United 15 CB Bosnia Anel Ahmedhodzic
25%
Sheffield United 10 ST England Cameron Archer
25%
Luton Town 7 RW Ireland Chiedozie Ogbene
25%
Nottingham Forest 4 CB England Joe Worrall
25%
Burnley 5 CB Germany Jordan Beyer
25%
Nottingham Forest 19 CB Senegal Moussa Niakhate
25%
Luton Town 45 LM England Alfie Doughty
24%
Crystal Palace 5 CB England James Tomkins
24%
Burnley 24 CM Ireland Josh Cullen
24%
Burnley 30 RW Italy Luca Koleosho
24%
Brentford 30 RB Denmark Mads Roerslev
24%
Crystal Palace 11 AM Brazil Matheus Franca
24%
Bournemouth 12 GK Ireland Darren Randolph
23%
Tottenham Hotspur 40 GK England Brandon Austin
22%
Nottingham Forest 18 CB Brazil Felipe
22%
Sheffield United 2 RM Greece George Baldock
22%
Burnley 4 DM England Jack Cork
22%
Everton 12 GK Portugal Joao Virginia
22%
Sheffield United 16 CM Northern Ireland Oliver Norwood
22%
Luton Town 17 DM DR Congo Pelly Ruddock Mpanzu
22%
Sheffield United 12 CB Ireland John Egan
21%
Brentford 26 CM Grenada Shandon Baptiste
21%
Burnley 22 RB Brazil Vitinho
21%
Burnley 28 CB Belgium Ameen Al-Dakhil
20%
Nottingham Forest 15 LB England Harry Toffolo
20%
Burnley 34 LW Denmark Jacob Bruun Larsen
20%
Wolverhampton Wanderers 27 CM France Jean-Ricner Bellegarde
20%
Tottenham Hotspur 41 GK England Alfie Whiteman
19%
Burnley 19 LW Morocco Anass Zaroury
19%
Sheffield United 5 CB United States Auston Trusty
19%
Luton Town 18 CM England Jordan Clark
19%
Sheffield United 7 ST England Rhian Brewster
19%
Burnley 47 RW France Wilson Odobert
19%
Everton 28 ST Portugal Youssef Chermiti
19%
Luton Town 2 CB England Gabriel Osho
18%
Sheffield United 28 CM England James McAtee
18%
Sheffield United 20 RB England Jayden Bogle
18%
Luton Town 15 CB England Teden Mengi
18%
Wolverhampton Wanderers 20 CM England Tommy Doyle
18%
Sheffield United 21 DM Brazil Vinicius Souza
18%
Nottingham Forest 12 DM Brazil Andrey Santos
17%
Fulham 12 LB Senegal Fode Ballo-Toure
17%
Burnley 10 RW Belgium Benson Manuel
16%
Crystal Palace 49 RW England Jesurun Rak-Sakyi
16%
Sheffield United 14 LB England Luke Thomas
16%
Brentford 33 AM Ukraine Yegor Yarmolyuk
16%
Sheffield United 6 CB England Chris Basham
15%
Wolverhampton Wanderers 25 GK England Daniel Bentley
15%
Chelsea 47 GK Finland Lucas Bergstrom
15%
Bournemouth 2 RB England Ryan Fredericks
15%
Luton Town 26 LB England Ryan Giles
15%
Luton Town 10 ST England Cauley Woodrow
14%
West Ham United 45 ST England Divin Mubama
14%
Nottingham Forest 34 GK United States Ethan Horvath
14%
Burnley 18 CB Sweden Hjalmar Ekdal
14%
Everton 61 LW England Lewis Dobbin
14%
Newcastle United 29 GK England Mark Gillespie
14%
Luton Town 16 CB England Reece Burke
14%
Manchester United 47 AM England Shola Shoretire
14%
Burnley 31 LW Belgium Mike Tresor
13%
Aston Villa 47 CM England Tim Iroegbunam
13%
Nottingham Forest 32 CB Ireland Andrew Omobamidele
12%
Luton Town 8 CM England Luke Berry
12%
Burnley 15 RW England Nathan Redmond
12%
Sheffield United 32 ST Denmark William Osula
12%
Sheffield United 23 CM England Ben Osborn
11%
Burnley 44 CB Belgium Hannes Delcroix
11%
Bournemouth 8 CM England Joe Rothwell
11%
Burnley 29 GK Chile Lawrence Vigouroux
11%
Crystal Palace 29 CM France Naouirou Ahamada
11%
Wolverhampton Wanderers 40 GK Wales Tom King
11%
Sheffield United 25 CM Tunisia Anis Slimane
10%
West Ham United 32 DM Ireland Conor Coventry
10%
Sheffield United 3 LB England Max Lowe
10%
Burnley 45 ST Ireland Michael Obafemi
10%
Crystal Palace 31 GK England Remi Matthews
10%
Sheffield United 27 LB France Yasser Larouci
10%
Brentford 4 CB England Charlie Goode
9%
Wolverhampton Wanderers 30 LW Paraguay Enso Gonzalez
9%
Nottingham Forest 2 RB France Giulian Biancone
9%
Luton Town 1 GK England James Shea
9%
Fulham 23 GK Germany Steven Benda
9%
Brighton & Hove Albion 38 GK Canada Tom McGill
9%
Luton Town 3 LB England Dan Potts
8%
Burnley 27 LW North Macedonia Darko Churlinov
8%
Everton 31 GK England Andy Lonergan
7%
Sheffield United 36 ST Canada Daniel Jebbison
7%
Wolverhampton Wanderers 32 DM Ireland Joe Hodge
7%
Crystal Palace 23 RW England Malcolm Ebiowei
7%
Nottingham Forest 41 AM Costa Rica Brandon Aguilera
6%
Burnley 6 CB England CJ Egan-Riley
6%
Brentford 40 GK England Ellery Balcombe
6%
Bournemouth 26 CM Ireland Gavin Kilkenny
6%
Burnley 42 DM France Han-Noah Massengo
6%
Sheffield United 17 CM Mali Ismaila Coulibaly
6%
Crystal Palace 41 GK England Joe Whitworth
6%
West Ham United 49 GK England Joseph Anang
6%
Fulham 35 CM Australia Tyrese Francois
6%
Burnley 20 GK Italy Denis Franchi
4%
Sheffield United 37 GK Ghana Jordan Amissah
4%
Wolverhampton Wanderers 28 CM Portugal Bruno Jordao
3%
Sheffield United 38 RB England Femi Seriki
3%
No matching quizzes found
Score Distribution
Percent of People with Each Score
Percentile by Number Answered
Your Score History
You have not taken this quiz